In the Red : The Politics of Public Debt Accumulation in Developed Countries.

Bibliographic Details
Main Author: Barta, Zsofia.
Format: eBook
Language:English
Published: Ann Arbor : University of Michigan Press, 2018.
Edition:1st ed.
Subjects:
Online Access:Click to View
LEADER 01988nam a22003853i 4500
001 EBC6796729
003 MiAaPQ
005 20231204023219.0
006 m o d |
007 cr cnu||||||||
008 231204s2018 xx o ||||0 eng d
020 |a 9780472900923  |q (electronic bk.) 
020 |z 9780472130641 
035 |a (MiAaPQ)EBC6796729 
035 |a (Au-PeEL)EBL6796729 
035 |a (OCoLC)1013477427 
040 |a MiAaPQ  |b eng  |e rda  |e pn  |c MiAaPQ  |d MiAaPQ 
050 4 |a HJ235 
082 0 |a 336.34091722 
100 1 |a Barta, Zsofia. 
245 1 0 |a In the Red :  |b The Politics of Public Debt Accumulation in Developed Countries. 
250 |a 1st ed. 
264 1 |a Ann Arbor :  |b University of Michigan Press,  |c 2018. 
264 4 |c Ã2018. 
300 |a 1 online resource (172 pages) 
336 |a text  |b txt  |2 rdacontent 
337 |a computer  |b c  |2 rdamedia 
338 |a online resource  |b cr  |2 rdacarrier 
505 0 |a Cover -- Title Page -- Copyright Page -- Dedication -- Contents -- Abbreviations -- Acknowledgments -- One. The Puzzle of Relentlessly and Alarmingly Growing Debt -- Two. Fiscal Polarization, International Exposure, and Sustained Debt Accumulation -- Three. Evolving Social Coalitions, Intense Polarization, and Moderate Exposure -- Four. Fiscal Discord and Accord in Open Economies -- Five. Fiscal Discord in Closed Economies -- Six. Variations on Three Themes -- Notes -- References -- Index. 
588 |a Description based on publisher supplied metadata and other sources. 
590 |a Electronic reproduction. Ann Arbor, Michigan : ProQuest Ebook Central, 2023. Available via World Wide Web. Access may be limited to ProQuest Ebook Central affiliated libraries.  
655 4 |a Electronic books. 
776 0 8 |i Print version:  |a Barta, Zsofia  |t In the Red  |d Ann Arbor : University of Michigan Press,c2018  |z 9780472130641 
797 2 |a ProQuest (Firm) 
856 4 0 |u https://ebookcentral.proquest.com/lib/matrademy/detail.action?docID=6796729  |z Click to View